000 00588nam a2200193Ia 4500
003 GCL
008 140319s9999 xx 000 0 ara d
040 _aGCL /
_cGCL
082 0 4 _a621.56
_bا ا
100 1 _aابراهيم محمد عثمان القرضاوى
245 1 0 _aاجهزة التبريد /
_cابراهيم محمد عثمان القرضاوى
260 _a[S.N] :
_bمنشاة المعارف الاسلامية ،
_c1990
300 _a255 ص
490 _a
650 0 4 _aالتبريد
650 0 4 _aالهندسة
650 0 4 _aالثلاجات
942 _2ddc
_cBK
999 _c33302
_d33302